| 000 | 00606nam a2200229Ia 4500 | ||
|---|---|---|---|
| 003 | OSt | ||
| 005 | 20220926043415.0 | ||
| 006 | a|||||r|||| 00| 0 | ||
| 007 | ta | ||
| 008 | 220923b |||||||| |||| 00| 0 eng d | ||
| 037 | _cGeneral Book | ||
| 040 |
_aRTL _cRTL _beng |
||
| 041 |
_2eng _aeng |
||
| 082 | _aX65, J4 | ||
| 100 |
_aPickett Ralph R _9347684 |
||
| 245 | 0 | _aInvestment principles and policy | |
| 260 | _c1954 | ||
| 650 | _aInvestment | ||
| 700 |
_a Ketchum Marshall D _9347685 |
||
| 942 |
_hX65, J4 _cGB _2CC |
||
| 999 |
_c672235 _d672235 |
||